000 00324nam a22001457a 4500
008 210303b ||||| |||| 00| 0 eng d
020 _a9780632020164
041 _aeng
080 _a541
082 _a541
100 _a12
101 _aKIM
245 _aExperimental Organic Chemistry
_cHardwood, L.M
942 _2udc
_cBK
999 _c55674
_d55674